[Event "Asia Cities-ch 14th"]
[Site "Tagaytay City"]
[Date "2004.03.27"]
[Round "9.2"]
[White "Abdulghafour, Yousef"]
[Black "Li, Shilong"]
[Result "0-1"]
[WhiteElo "2143"]
[BlackElo "2522"]
[PlyCount "90"]
[EventDate "2004.03.21"]
[EventType "team"]
[EventRounds "9"]
[EventCountry "PHI"]
[SourceTitle "CBM 099 Extra"]
[Source "ChessBase"]
[SourceDate "2004.05.04"]
[SourceVersion "1"]
[SourceVersionDate "2004.05.04"]
[SourceQuality "1"]
[WhiteTeam "Doha"]
[BlackTeam "Guangzhou"]
[WhiteTeamCountry "QAT"]
[BlackTeamCountry "CHN"]

1. d4 Nf6 2. Nf3 e6 3. Bg5 h6 4. Bxf6 Qxf6 5. e4 d6 6. c3 Nd7 7. Bd3 a6 8. 0-0 g6 9. Nbd2 Bg7 10. Qe2 0-0 11. h3 e5 12. dxe5 dxe5 13. Nc4 Re8 14. Ne3 Nc5 15. Bc2 Ne6 16. Nd5 Qd8 17. Rad1 c6 18. Ne3 Nf4 19. Qe1 Qf6 20. Ng4 Nxh3+ 21. gxh3 Qxf3 22. Rd3 Qf4 23. Qe3 Qxe3 24. Rxe3 Be6 25. Rd1 Rad8 26. Red3 Rxd3 27. Rxd3 h5 28. Nh2 Bf6 29. Bb3 Bxb3 30. axb3 Rd8 31. Rxd8+ Bxd8 32. Nf3 f6 33. Kf1 Kf7 34. Ke2 Bc7 35. Ne1 f5 36. f3 a5 37. Nd3 Bd6 38. Ne1 Kf6 39. Kd3 g5 40. Ng2 Bc5 41. Kc4 Bf2 42. b4 axb4 43. Kxb4 f4 44. Kc4 g4 45. hxg4 hxg4 0-1

[Event "Asia Cities-ch 14th"]
[Site "Tagaytay City"]
[Date "2004.03.24"]
[Round "5.2"]
[White "Abdulghafour, Yousef"]
[Black "Sallam, Sabri Abdul Mawla"]
[Result "0-1"]
[WhiteElo "2143"]
[BlackElo "2196"]
[PlyCount "78"]
[EventDate "2004.03.21"]
[EventType "team"]
[EventRounds "9"]
[EventCountry "PHI"]
[SourceTitle "CBM 099 Extra"]
[Source "ChessBase"]
[SourceDate "2004.05.04"]
[SourceVersion "1"]
[SourceVersionDate "2004.05.04"]
[SourceQuality "1"]
[WhiteTeam "Doha"]
[BlackTeam "Sanaa"]
[WhiteTeamCountry "QAT"]
[BlackTeamCountry "YEM"]

1. d4 Nf6 2. Nf3 d5 3. Bg5 c6 4. e3 Ne4 5. Bf4 Bf5 6. Nbd2 e6 7. Bd3 Nxd2 8. Qxd2 Bxd3 9. Qxd3 Bd6 10. Bxd6 Qxd6 11. 0-0 Nd7 12. c4 0-0 13. Rfc1 Rfe8 14. a3 h6 15. b4 e5 16. Qb3 exd4 17. Nxd4 dxc4 18. Qxc4 Rad8 19. Nf3 Ne5 20. Qe2 Qd3 21. Re1 Qxe2 22. Rxe2 Nxf3+ 23. gxf3 Rd3 24. a4 Rb3 25. b5 cxb5 26. axb5 Rxb5 27. Rxa7 Re6 28. Rc2 Rb1+ 29. Kg2 Rg6+ 30. Kh3 Rb5 31. Rc4 Rb2 32. Rc7 Rxf2 33. Ra8+ Kh7 34. Rxf7 b5 35. Rb8 Rgg2 36. Rxb5 Rxh2+ 37. Kg3 Rfg2+ 38. Kf4 Rh4+ 39. Ke5 Rh5+ 0-1

[Event "Asia Cities-ch 14th"]
[Site "Tagaytay City"]
[Date "2004.03.24"]
[Round "6.2"]
[White "Celis, Solomon B III"]
[Black "Abdulghafour, Yousef"]
[Result "0-1"]
[WhiteElo "2125"]
[BlackElo "2143"]
[PlyCount "80"]
[EventDate "2004.03.21"]
[EventType "team"]
[EventRounds "9"]
[EventCountry "PHI"]
[SourceTitle "CBM 099 Extra"]
[Source "ChessBase"]
[SourceDate "2004.05.04"]
[SourceVersion "1"]
[SourceVersionDate "2004.05.04"]
[SourceQuality "1"]
[WhiteTeam "Macau"]
[BlackTeam "Doha"]
[WhiteTeamCountry "MAC"]
[BlackTeamCountry "QAT"]

1. e4 e5 2. Nf3 Nc6 3. Bb5 Nd4 4. Nxd4 exd4 5. 0-0 a6 6. Bd3 d5 7. exd5 Qxd5 8. Re1+ Be6 9. Be4 Qb5 10. a4 Qb6 11. a5 Qb5 12. Na3 Bxa3 13. Rxa3 Ne7 14. c3 dxc3 15. dxc3 0-0 16. Qf3 c6 17. Ra1 Rad8 18. Qg3 Qh5 19. Bf3 Qb5 20. h3 Rd7 21. Be2 Qb3 22. Ra3 Qc2 23. c4 Rfd8 24. Qc3 Qxc3 25. Rxc3 Nf5 26. Bf4 Nd4 27. Bf1 h6 28. Kh2 Nf5 29. Be2 Rd4 30. Bc1 Re4 31. f3 Red4 32. g4 Nh4 33. Be3 Rxc4 34. Bxc4 Nxf3+ 35. Kg3 Nxe1 36. Bxe6 fxe6 37. Bb6 Rd2 38. Kf4 Kf7 39. b4 Re2 40. Rc4 g5+ 0-1

[Event "Asia Cities-ch 14th"]
[Site "Tagaytay City"]
[Date "2004.03.21"]
[Round "1.2"]
[White "Moradiabadi, Elshan"]
[Black "Abdulghafour, Yousef"]
[Result "1-0"]
[WhiteElo "2383"]
[BlackElo "2143"]
[PlyCount "109"]
[EventDate "2004.03.21"]
[EventType "team"]
[EventRounds "9"]
[EventCountry "PHI"]
[SourceTitle "CBM 099 Extra"]
[Source "ChessBase"]
[SourceDate "2004.05.04"]
[SourceVersion "1"]
[SourceVersionDate "2004.05.04"]
[SourceQuality "1"]
[WhiteTeam "Tehran"]
[BlackTeam "Doha"]
[WhiteTeamCountry "IRI"]
[BlackTeamCountry "QAT"]

1. c4 e6 2. d4 d5 3. Nc3 Nf6 4. Bg5 Be7 5. e3 Nbd7 6. cxd5 exd5 7. Bd3 0-0 8. Nf3 c6 9. Qc2 Re8 10. 0-0 Nf8 11. Rae1 Ng6 12. Ne5 Ng4 13. Bxe7 Qxe7 14. Nxg4 Bxg4 15. f4 Nf8 16. f5 f6 17. Qf2 Bh5 18. g4 Bf7 19. h4 Rad8 20. Qg2 c5 21. Bb5 cxd4 22. Bxe8 dxc3 23. Bxf7+ Qxf7 24. bxc3 Qc7 25. Rc1 Qc4 26. Rfd1 Kh8 27. Rd4 Qc5 28. Qd2 Qe7 29. c4 Qe5 30. Kg2 h5 31. cxd5 hxg4 32. Rf1 Nd7 33. Rxg4 Nc5 34. Qd4 Rxd5 35. Qxe5 Rxe5 36. Rf3 Nd3 37. Rfg3 Re7 38. Rd4 Ne5 39. e4 Rc7 40. Ra3 Rc2+ 41. Kg3 a5 42. Rxa5 Rc3+ 43. Kg2 Nf3 44. Rb4 Nxh4+ 45. Kf2 Kh7 46. Rxb7 Kh6 47. Ke2 Kg5 48. Kd2 Rh3 49. Rxg7+ Kf4 50. Rf7 Nf3+ 51. Kc1 Ne5 52. Rxf6 Rh2 53. Rxe5 Kxe5 54. Re6+ Kd4 55. f6 1-0

[Event "Olympiad-34"]
[Site "Istanbul"]
[Date "2000.11.08"]
[Round "11.3"]
[White "Miniboeck, Guenter"]
[Black "Abdulghafour, Yousef"]
[Result "1-0"]
[WhiteElo "2413"]
[BlackElo "2158"]
[PlyCount "81"]
[EventDate "2000.10.28"]
[EventType "team-swiss"]
[EventRounds "14"]
[EventCountry "TUR"]
[SourceTitle "EXT 2001"]
[Source "ChessBase"]
[SourceDate "2000.11.22"]
[SourceVersion "1"]
[SourceVersionDate "2000.11.22"]
[SourceQuality "1"]
[WhiteTeam "Austria"]
[BlackTeam "Qatar"]
[WhiteTeamCountry "AUT"]
[BlackTeamCountry "QAT"]

1. d4 d5 2. c4 e6 3. Nc3 Be7 4. cxd5 exd5 5. Bf4 c6 6. e3 Bf5 7. g4 Be6 8. h4 Bd6 9. Nh3 Ne7 10. h5 h6 11. Rc1 Qd7 12. Be2 Bxf4 13. Nxf4 Qd6 14. Rg1 Nd7 15. Qd2 Nf6 16. g5 hxg5 17. Rxg5 g6 18. hxg6 Rh1+ 19. Bf1 Nxg6 20. Nxe6 Qxe6 21. Qe2 0-0-0 22. Kd2 Kb8 23. Qf3 Rdh8 24. Bd3 Rxc1 25. Kxc1 Ne7 26. Qf4+ Ka8 27. Bf5 Nxf5 28. Rxf5 Ne4 29. Rxf7 Rh1+ 30. Kc2 a6 31. Rf8+ Ka7 32. Qb8+ Kb6 33. Qd8+ Ka7 34. Qa8+ Kb6 35. Qd8+ Ka7 36. Qb8+ Kb6 37. Na4+ Ka5 38. Qc7+ Kxa4 39. b3+ Kb5 40. Qxb7+ Ka5 41. Qc7+ 1-0

[Event "Olympiad-33"]
[Site "Elista"]
[Date "1998.10.01"]
[Round "3.2"]
[White "Sharavdorj, Dashzeveg"]
[Black "Abdulghafour, Yousef"]
[Result "1-0"]
[WhiteElo "2385"]
[BlackElo "2130"]
[PlyCount "113"]
[EventDate "1998.09.29"]
[EventType "team-swiss"]
[EventRounds "13"]
[EventCountry "RUS"]
[SourceTitle "CBM 068"]
[Source "ChessBase"]
[SourceDate "1999.02.01"]
[SourceVersion "1"]
[SourceVersionDate "1999.02.01"]
[SourceQuality "1"]
[WhiteTeam "Mongolia"]
[BlackTeam "Qatar"]
[WhiteTeamCountry "MGL"]
[BlackTeamCountry "QAT"]

1. Nf3 d5 2. d4 Nf6 3. c4 e6 4. Nc3 Nbd7 5. Bf4 c6 6. e3 Be7 7. Qc2 0-0 8. Rd1 Re8 9. a3 Nf8 10. Bd3 Ng6 11. Bg3 Bd6 12. 0-0 Bxg3 13. hxg3 Nf8 14. e4 dxe4 15. Bxe4 Qc7 16. Rfe1 Bd7 17. Ne5 Rad8 18. Bf3 Bc8 19. c5 Ng6 20. b4 a6 21. Nc4 e5 22. d5 cxd5 23. Bxd5 Be6 24. Nd6 Rxd6 25. cxd6 Qxd6 26. Ne4 Qb6 27. Nxf6+ gxf6 28. Bxe6 Rxe6 29. Qc8+ Kg7 30. Rd7 Re7 31. Rxe7 Nxe7 32. Qd7 Nc6 33. Re4 Nd4 34. Rg4+ Kf8 35. Qc8+ Ke7 36. Rg8 Qc6 37. Qxc6 Nxc6 38. Rh8 h6 39. Kf1 Kd6 40. Rxh6 Ke6 41. g4 Ke7 42. Rh8 Kd6 43. Rh7 Ke6 44. Ke2 Nd4+ 45. Kd3 Nb5 46. a4 Nd6 47. Rh6 Ke7 48. f3 b6 49. Rh8 b5 50. a5 Ne8 51. Ke4 Nc7 52. Rb8 Kd6 53. Rb6+ Ke7 54. Rb7 Kd6 55. Rxc7 Kxc7 56. Kf5 e4 57. Kxe4 1-0

[Event "Asia Cities-ch 11th"]
[Site "Genting Highlands"]
[Date "1998.04.13"]
[Round "6"]
[White "Abdulghafour, Yousef"]
[Black "Abdul Kareem, Hassan"]
[Result "0-1"]
[WhiteElo "2120"]
[BlackElo "2170"]
[PlyCount "113"]
[EventDate "1998.04.09"]
[EventType "team-swiss"]
[EventRounds "9"]
[EventCountry "MAS"]
[SourceTitle "EXT 2020"]
[Source "ChessBase"]
[SourceDate "2019.10.17"]
[SourceVersion "1"]
[SourceVersionDate "2019.10.17"]
[SourceQuality "1"]
[WhiteTeam "Doha"]
[BlackTeam "Dubai"]
[WhiteTeamCountry "QAT"]
[BlackTeamCountry "UAE"]

1. e4 c5 2. Nc3 Nc6 3. g3 g6 4. Bg2 Bg7 5. d3 e6 6. f4 Nge7 7. Be3 d6 8. Nf3 Nd4 9. 0-0 0-0 10. e5 Nef5 11. Bf2 Nxf3+ 12. Qxf3 Nd4 13. Qd1 dxe5 14. fxe5 Bxe5 15. Na4 Nf5 16. c3 Rb8 17. Bxc5 b5 18. Bxf8 Qxf8 19. d4 Bd6 20. Nc5 Ne3 21. Qf3 Nxf1 22. Rxf1 Bxc5 23. dxc5 Qxc5+ 24. Kh1 Qe7 25. Qf4 e5 26. Qe3 Bb7 27. Rd1 Bxg2+ 28. Kxg2 Qb7+ 29. Kf2 Re8 30. h4 h5 31. Qd3 a6 32. Qd7 Qxd7 33. Rxd7 Re6 34. Ke3 Kg7 35. Ke4 Kf6 36. a3 Rc6 37. Kd5 Re6 38. Ke4 Rc6 39. Kd5 Rb6 40. Ke4 Ke6 41. Ra7 f5+ 42. Ke3 Rc6 43. Ra8 Kd5 44. Kd3 e4+ 45. Kc2 Re6 46. Rd8+ Ke5 47. Rf8 Rf6 48. Re8+ Kd5 49. Rd8+ Rd6 50. Rg8 Ke5 51. b3 Kf6 52. Re8 Kf7 53. Re5 Rd3 54. c4 bxc4 55. bxc4 Rxa3 56. c5 Ra5 57. Kc3 0-1

[Event "Asia Cities-ch 11th"]
[Site "Genting Highlands"]
[Date "1998.04.10"]
[Round "3"]
[White "Abdulghafour, Yousef"]
[Black "Ravichandran, Vaidyanathan"]
[Result "1-0"]
[WhiteElo "2120"]
[BlackElo "2250"]
[PlyCount "57"]
[EventDate "1998.04.09"]
[EventType "team-swiss"]
[EventRounds "9"]
[EventCountry "MAS"]
[SourceTitle "EXT 2020"]
[Source "ChessBase"]
[SourceDate "2019.10.17"]
[SourceVersion "1"]
[SourceVersionDate "2019.10.17"]
[SourceQuality "1"]
[WhiteTeam "Doha"]
[BlackTeam "Chrompet"]
[WhiteTeamCountry "QAT"]
[BlackTeamCountry "IND"]

1. e4 c5 2. Nc3 Nc6 3. g3 d6 4. Bg2 g6 5. d3 Bg7 6. f4 e6 7. Nf3 Nge7 8. 0-0 0-0 9. Be3 Nd4 10. e5 Nec6 11. Ne4 dxe5 12. Nxe5 Nxe5 13. fxe5 Bxe5 14. c3 Nf5 15. Bxc5 Re8 16. Qf3 b6 17. Bf2 Bb7 18. d4 Nd6 19. dxe5 Bxe4 20. Qf4 Bxg2 21. Kxg2 Nf5 22. g4 Ng7 23. Rad1 Qe7 24. Rd3 h5 25. h3 Red8 26. Rf3 Rd7 27. Be3 Rf8 28. Qh6 Rd3 29. Bg5 1-0

[Event "Olympiad-32"]
[Site "Yerevan"]
[Date "1996.09.20"]
[Round "5.2"]
[White "Saud, Mohamed"]
[Black "Abdulghafour, Yousef"]
[Result "1-0"]
[WhiteElo "2150"]
[BlackElo "2180"]
[PlyCount "111"]
[EventDate "1996.09.15"]
[EventType "team-swiss"]
[EventRounds "14"]
[EventCountry "ARM"]
[SourceTitle "CBM 055"]
[Source "ChessBase"]
[SourceDate "1996.12.01"]
[SourceVersion "1"]
[SourceVersionDate "1996.12.01"]
[SourceQuality "1"]
[WhiteTeam "United Arab Emirates"]
[BlackTeam "Qatar"]
[WhiteTeamCountry "UAE"]
[BlackTeamCountry "QAT"]

1. d4 d5 2. Nf3 Nf6 3. c4 e6 4. e3 Nbd7 5. Bd3 a6 6. 0-0 dxc4 7. Bxc4 b5 8. Bb3 Bb7 9. Nbd2 c5 10. Qe2 Be7 11. Rd1 Qc7 12. e4 cxd4 13. Nxd4 Nc5 14. e5 Nfd7 15. N2f3 Nxb3 16. axb3 0-0 17. Bf4 Rac8 18. Rac1 Qb6 19. h3 Bd5 20. Nf5 exf5 21. Rxd5 Rxc1+ 22. Bxc1 Qc6 23. Rd1 Nc5 24. Nd4 Qd7 25. b4 Ne4 26. f3 Ng3 27. Qe1 f4 28. Bxf4 Nh5 29. Be3 g6 30. g4 Rd8 31. gxh5 Qxh3 32. hxg6 hxg6 33. Nc6 Rxd1 34. Nxe7+ Kf8 35. Qxd1 Qg3+ 36. Kf1 Qh3+ 37. Ke2 Qh2+ 38. Kd3 Kxe7 39. Bg5+ Kd7 40. Ke4+ Kc8 41. Qd8+ Kb7 42. Qd7+ Kb8 43. Qe8+ Kb7 44. Qxf7+ Kb8 45. Qe8+ Kb7 46. Qd7+ Kb8 47. Kd5 Qxb2 48. Qd6+ Kb7 49. Qc6+ Kb8 50. Qb6+ Kc8 51. Qxa6+ Kb8 52. Qxb5+ Ka8 53. Qa6+ Kb8 54. Qb6+ Ka8 55. Be3 Qb3+ 56. Kd6 1-0

[Event "Olympiad-31"]
[Site "Moscow"]
[Date "1994.12.15"]
[Round "13.2"]
[White "Sousa, Armindo"]
[Black "Abdulghafour, Yousef"]
[Result "1-0"]
[WhiteElo "2205"]
[BlackElo "2180"]
[PlyCount "117"]
[EventDate "1994.12.01"]
[EventType "team-swiss"]
[EventRounds "14"]
[EventCountry "RUS"]
[SourceTitle "CBM 045"]
[Source "ChessBase"]
[SourceDate "1995.04.01"]
[SourceVersion "1"]
[SourceVersionDate "1995.04.01"]
[SourceQuality "1"]
[WhiteTeam "Angola"]
[BlackTeam "Qatar"]
[WhiteTeamCountry "ANG"]
[BlackTeamCountry "QAT"]

1. e4 c5 2. Nf3 Nf6 3. d3 Nc6 4. Be2 d5 5. Nbd2 e5 6. 0-0 Bd6 7. c3 0-0 8. Qc2 b6 9. Re1 Bb7 10. Nf1 dxe4 11. dxe4 Ne7 12. Ng3 Ng6 13. Bc4 a6 14. a4 Qc7 15. Bg5 Be7 16. Rad1 Ng4 17. Bc1 Nf6 18. Nf5 Bc6 19. Bd5 Bxd5 20. exd5 Bd6 21. Nxd6 Qxd6 22. c4 Rab8 23. Qf5 Rfe8 24. Ng5 Nf8 25. Bd2 Qd7 26. Qxd7 N6xd7 27. Bc3 f6 28. Ne4 Ng6 29. Nd6 Red8 30. Nf5 Kf7 31. h4 Ndf8 32. g3 Rb7 33. b4 Ne7 34. Nxe7 Rxe7 35. bxc5 bxc5 36. Rb1 Ra7 37. Rb3 Nd7 38. Reb1 Ke8 39. Kg2 Raa8 40. Kf3 Rdb8 41. Ke4 Ke7 42. Ba5 Rxb3 43. Rxb3 Rb8 44. Rxb8 Nxb8 45. Bc7 Nd7 46. f4 exf4 47. gxf4 g6 48. f5 g5 49. h5 h6 50. a5 Ke8 51. Bg3 Kd8 52. d6 Nb8 53. Kd5 Kd7 54. Kxc5 Nc6 55. Kb6 Nd4 56. c5 g4 57. Kb7 Nc6 58. Kxa6 Ne5 59. Kb7 1-0